000 00695nam a2200277Ia 4500
005 20260324115618.0
008 008 260324s9999 xx 000 0 eng d
020 _a9781315367392
037 _aEBOOK
040 _aCRL
040 _beng
040 _cCRL
041 _2eng
041 _aeng
084 _qCRL
100 _aFrede Blaabjerg; Dan M. Ionel
_91155339
245 0 _aRenewable Energy Devices and Systems with Simulations in MATLAB® and ANSYS®
260 _bTaylor and Francis
260 _c2017
365 _a
365 _b340
856 _uhttp://www.taylorfrancis.com/books/9781315367392
942 _cEBOOK
999 _c1746340
_d1746340